LEADER 01332nam0 22003011i 450 001 SUN0030830 005 20120220010046.183 100 $a20041217d2000 |0engc50 ba 101 $aeng 102 $aUS 105 $a|||| 0||||| 200 1 $aEconomic analysis for international trade negotiations$ethe WTO and agricultural trade$fJames D. Gaisford, William A. Kerr 210 $aNorthampton, MA$cEdward Elgar$d2000 215 $aIX, 196 p.$d23 cm. 606 $aWorld Trade Organization$2FI$3SUNC013790 620 $dNorthampton$3SUNL000444 700 1$aGaisford$b, James D.$3SUNV025453$089478 701 1$aKerr$b, William A.$3SUNV025454$089479 712 $aElgar$3SUNV000467$4650 790 1$aGaisford, J.D.$zGaisford, James D.$3SUNV062294 790 1$aGaisford, J. D.$zGaisford, James D.$3SUNV062295 801 $aIT$bSOL$c20181109$gRICA 856 4 $uhttp://books.google.it/books?id=sS-bQ7fShVEC&printsec=frontcover&hl=it 912 $aSUN0030830 950 $aUFFICIO DI BIBLIOTECA DEL DIPARTIMENTO DI GIURISPRUDENZA$d00 CONS XX.Cf.41 $e00 21863 995 $aUFFICIO DI BIBLIOTECA DEL DIPARTIMENTO DI GIURISPRUDENZA$h21863$kCONS XX.Cf.41$op$qa 996 $aEconomic analysis for international trade negotiations$952299 997 $aUNICAMPANIA LEADER 01347nas 2200421-a 450 001 996212664003316 005 20220322213019.0 011 $a2328-2002 035 $a(DE-599)ZDB2538518-5 035 $a(OCoLC)300516480 035 $a(CKB)110978978554205 035 $a(CONSER)--2010234739 035 $a(EXLCZ)99110978978554205 100 $a20090130b19812005 --- a 101 0 $aeng 135 $aur||||||||||| 181 $ctxt$2rdacontent 182 $cc$2rdamedia 183 $acr$2rdacarrier 200 10$aText $etransactions of the Society for Textual Scholarship 210 $aNew York $cAMS Press$d©1984-©2005 300 $aPublished: Ann Arbor : University of Michigan Press, v. 7 (1994)--v. 16 (2006); Bloomington, Indiana : Society for Textual Scholarship, v. 17 (2005). 311 $a0736-3974 531 $aTEXT TRANSACTIONS 606 $aCriticism, Textual$vPeriodicals 606 $aCritique textuelle 606 $aCriticism, Textual$2fast$3(OCoLC)fst00883762 608 $aPeriodicals.$2fast 608 $aPeriodicals.$2lcgft 615 0$aCriticism, Textual 615 6$aCritique textuelle. 615 7$aCriticism, Textual. 676 $a801/.959/05 712 02$aSociety for Textual Scholarship. 906 $aJOURNAL 912 $a996212664003316 996 $aText$9649997 997 $aUNISA LEADER 03583oam 2200541 450 001 9910789158603321 005 20190911103514.0 010 $a1-4698-3925-3 010 $a1-4698-3282-8 010 $a1-4698-7525-X 035 $a(OCoLC)873761724 035 $a(MiFhGG)GVRL8SYB 035 $a(EXLCZ)993710000000082410 100 $a20130415h20142014 uy 0 101 0 $aeng 135 $aurun|---uuuua 181 $ctxt 182 $cc 183 $acr 200 10$aClinical management of binocular vision $eheterophoric, accommodative, and eye movement disorders /$fMitchell Scheiman, Bruce Wick ; illustrator, Barbara Steinman 205 $aFourth edition. 210 1$aPhiladelphia :$cWolters Kluwer Health / Lippincott Williams & Wilkins,$d[2014] 210 4$d?2014 215 $a1 online resource (ix, 722 pages) $cillustrations (chiefly color) 225 0 $aGale eBooks 300 $aDescription based upon print version of record. 311 $a1-4511-7525-6 320 $aIncludes bibliographical references and index. 327 $aDiagnostic testing -- Case analysis and classification -- General treatment modalities, guidelines, and prognosis -- Primary care of binocular vision, accommodative, and eye movement disorders -- Introduction and general concepts -- Fusional vergence, voluntary convergence, and antisuppression -- Accommodative techniques -- Ocular motility procedures -- Low AC/A conditions : convergence insuffi ciency and divergence insufficiency -- High AC/A conditions : convergence excess and divergence excess -- Normal AC/A conditions : fusional vergence dysfunction, basic esophoria, and basic exophoria -- Accommodative dysfunction -- Eye movement disorders -- Cyclovertical heterophoria -- Fixation disparity -- Interactions between accommodation and vergence -- Refractive amblyopia -- Nystagmus -- Aniseikonia -- Binocular and accommodative problems associated with computer use -- Binocular and accommodative problems associated with acquired brain injury -- Binocular and accommodative problems associated with learning problems -- Development and management of refractive error : treatment based on a binocular vision-based model -- Binocular vision problems associated with refractive surgery -- Patient and practice management issues in vision therapy. 330 $aThis fourth edition of Clinical Management of Binocular Vision uses the past five years of research studies and literature to provide an accurate look at today's diagnosis and treatment of binocular vision.Written with an emphasis on proper evaluation, diagnosis, and treatment, each condition is covered in-depth and includes background information, symptoms, case analysis, and management options. This edition also includes the latest information on new vision therapy equipment. Easy to read and understand, this book is ideal for faculty when designing courses, students studying these topics fo 606 $aBinocular vision disorders 606 $aEye$xAccommodation and refraction 606 $aBinocular vision 606 $aEye$xMovement disorders 615 0$aBinocular vision disorders. 615 0$aEye$xAccommodation and refraction. 615 0$aBinocular vision. 615 0$aEye$xMovement disorders. 676 $a617.7/62 700 $aScheiman$b Mitchell$0473946 702 $aWick$b Bruce 702 $aSteinman$b Barbara 801 0$bMiFhGG 801 1$bMiFhGG 906 $aBOOK 912 $a9910789158603321 996 $aClinical management of binocular vision$93694382 997 $aUNINA